| 000 | 00904nam a2200205 a 4500 | ||
|---|---|---|---|
| 001 | 000044051 | ||
| 005 | 20250909091243.0 | ||
| 008 | 140514s1997 sp ad 000 0 spa d | ||
| 020 | _a847232771X | ||
| 040 |
_aDO-SdBNP _bspa _cBNPHU |
||
| 245 | 0 | 0 |
_aFlujos Migratorios Norteafricanos hacia la Unión Europea : _basociación y diplomacia preventiva / _ceditor Antonio Marquina. |
| 260 |
_aMadrid : _bAgencia Española de Cooperación Internacional, _c1997. |
||
| 300 |
_a333 p. : _bil., gràf. ; _c24 cm. |
||
| 490 | 1 | _aEdiciones mundo árabe e islam Política árabe contemporánea | |
| 504 | _aIncluye referencias bibliográficas y notas al pie de las páginas | ||
| 504 | _aBibliografía : p. 323-333 | ||
| 700 | 1 | 2 |
_aMarquina, Antonio, _eed. _932798 |
| 710 | 2 |
_aAgencia Española de Cooperación Internacional _934585 |
|
| 830 | 0 |
_aEdiciones mundo árabe e islam. Política árabe contemporánea _972035 |
|
| 999 |
_c43540 _d43540 |
||